01346 2200241 4500001002100000005001500021035002000036007000300056008004100059020002400100082000800124084001400132100001800146245027000164250003700434260006000471300002900531500043500560650003700995700003501032700001701067700002001084INLIS00000000000026720220321091015 a0010-0322000065ta220321 c 0 ind  a978-602-427-038-4 ( a600 a600 SUC b0 aSuci Paresti,1 aBuku Guru Prakarya VII :bBuku Guru SMP/MTs Kelas VII /cPenelaah : Caecilia Tridjata S, Rozmita Dewi, Kahfiati Kahdar, Suci Rahayu, Latif Sahubawa, Ana, Danik Diani Asadayani, Samsul Hadi, Tutik Nuryati, Cahyana Yuni Asmara, Wahyu Prihatini dan Djoko Adi Widodo. aKurikulum 2013 Edisi Revisi 2017 aJakarta :bKementerian Pendidikan dan Kebudayaan,c2017 a418 hlm :bilus ;c25 cm aBuku ini merupakan buku guru yang dipersiapkan Pemerintah dalam rangka implementasi Kurikulum 2013. Buku guru ini disusun dan ditelaah oleh berbagai pihak di bawah koordinasi Kementerian Pendidikan dan Kebudayaan, dan dipergunakan dalam tahap awal penerapan Kurikulum 2013. Buku ini merupakan “dokumen hidup” yang senantiasa diperbaiki, diperbaharui, dan dimutakhirkan sesuai dengan dinamika kebutuhan dan perubahan zaman. 4aPrakarya -- Studi dan Pengajaran0 aDewi Sri Handayani Nuswantari,0 aErny Yuliani0 aIndra Samsudin